000
00254nam a22000857a 4500
008
151211b xxu||||| |||| 00| 0 eng d
020
_a
0256194467
082
_a
004.2
245
1
0
_a
AutoCAD 13 companion /
_b
Essentials of AutoCad plus solid modeling
_c
James A. Leach.
999
_c
1403
_d
1403